000 00871cam a2200301 4500
008 090401t1998 xxu||||| |||| 00| 0 eng d
020 _a1873936621
035 _a(Sirsi) u91023
041 _aeng
050 _a690.241
110 _aEnglish Heritage
_92714
245 _aEnglish heritage research transactions : research and case studies in architectural conservation. Volume 1: metals.
260 _aLondon
_bJames & James
_c1998
300 _ax,118p. : ill. ; 30cm.
350 _a30
650 _aCAST IRON
650 _aCONSERVATION
650 _aFIRE DAMAGE
650 _aHISTORIC BUILDINGS
650 _aIRONWORK
650 _aLEAD ROOFS
650 _aLIGHTNING PROTECTION
650 _aBUILT ENVIRONMENT-BUILDING MATERIALS-METAL
690 _aCONSERVATION
700 _aTeutonico, Jeanne Marie
_xEditor
942 _n0
948 _c02/02/1999
999 _c97597
_d97597